Electric shock (Record no. 70743)

MARC details
000 -LEADER
fixed length control field 00910cam a2200205 4500
001 - CONTROL NUMBER
control field WB3826-09
008 - FIXED-LENGTH DATA ELEMENTS--GENERAL INFORMATION
fixed length control field 020716n2002 000 0 eng u
035 ## - SYSTEM CONTROL NUMBER
System control number (Sirsi) u118860
245 ## - TITLE STATEMENT
Title Electric shock
260 ## - PUBLICATION, DISTRIBUTION, ETC.
Date of publication, distribution, etc. 2002
490 ## - SERIES STATEMENT
Series statement Property Week
Volume/sequential designation 67 (27) 1,3 (2)
520 ## - SUMMARY, ETC.
Summary, etc. The British Property Federation (BPF) is investigating the charging practices of electricity suppliers following complaints from developers that costs of supplying power to schemes across the UK and London in particular are spiralling. Developers are angry at having to foot installation bills which ultimately benefit an entire area. Complaints have been filed by regulator Ofgem and then passed to consumer watchdog Energywatch.
590 ## - LOCAL NOTE (RLIN)
Local note WB
650 ## - SUBJECT ADDED ENTRY--TOPICAL TERM
Topical term or geographic name entry element BPF
650 ## - SUBJECT ADDED ENTRY--TOPICAL TERM
Topical term or geographic name entry element POWER SUPPLIES
650 ## - SUBJECT ADDED ENTRY--TOPICAL TERM
Topical term or geographic name entry element NEW DEVELOPMENTS
650 ## - SUBJECT ADDED ENTRY--TOPICAL TERM
Topical term or geographic name entry element LONDON
690 ## - LOCAL SUBJECT ADDED ENTRY--TOPICAL TERM (OCLC, RLIN)
Topical term or geographic name as entry element ENVIRONMENTAL AND LAND CONSULTANCY-ENERGY
942 ## - ADDED ENTRY ELEMENTS (KOHA)
Suppress in OPAC 0
Holdings
Withdrawn status Lost status Source of classification or shelving scheme Damaged status Not for loan Home library Current library Shelving location Date acquired Total Checkouts Full call number Barcode Date last seen Copy number Price effective from Koha item type
    Dewey Decimal Classification     London London News article 16/07/2002   WB3826-09 118860-1001 06/08/2019 1 06/08/2019 News article